| 000 | 01843cam a2200817ua 4500 | ||
|---|---|---|---|
| 020 | _c100.00 (PB) | ||
| 041 |
_aeng _h |
||
| 082 |
_a621.815 _bBHA/MA |
||
| 100 |
_aBhatt, N D . _91433 |
||
| 245 |
_aMachine drawing / _cN D Bhatt. _hTextual Documents |
||
| 250 |
_a21 / _b. |
||
| 260 |
_aNew Delhi : _bCharotar book stall , _c2006. |
||
| 300 | _a212 ; . | ||
| 365 | _a100.00 | ||
| 504 | _a | ||
| 942 | _cBK | ||
| 999 |
_c91 _d91 |
||
| 003 | @ | ||
| 003 | OSt | ||